الغرض / (Record no. 172260)

MARC details
000 -LEADER
fixed length control field 00541nam a22001937a 4500
005 - DATE AND TIME OF LATEST TRANSACTION
control field 20200130145757.0
010 ## - LCCN (DPL NO)
LC control number A-333739
020 ## - INTERNATIONAL STANDARD BOOK NUMBER
Terms of availability 15.00
035 ## - SYSTEM CONTROL NUMBER
System control number A-333739
037 ## - SOURCE OF ACQUISITION
Source of stock number/acquisition BPPD/Pub.
082 ## - DEWEY DECIMAL CLASSIFICATION NUMBER
Classification number 847
100 ## - MAIN ENTRY--PERSONAL NAME
Personal name مجتبیا حوسین
245 ## - TITLE STATEMENT
Title الغرض /
Statement of responsibility, etc مجتبیا حوسین
246 ## - VARYING FORM OF TITLE
Title proper/short title Algarz (Urdu) /
Remainder of title by Majtbya Hussain
260 ## - PUBLICATION, DISTRIBUTION, ETC. (IMPRINT)
Place of publication, distribution, etc Hyderabad
Name of publisher, distributor, etc Hussami Book Depot
Date of publication, distribution, etc 1987 ء
270 ## - ADDRESS
Address Machli Kaman
City Hyderabad
Postal code 2
300 ## - PHYSICAL DESCRIPTION
Extent 150p.
Dimensions 20cm(pbk)
942 ## - ADDED ENTRY ELEMENTS (KOHA)
Source of classification or shelving scheme Dewey Decimal Classification
Item type Urdu Bks
Classification part 847
Call number suffix م ج ت
Holdings
Withdrawn status Lost status Not for loan Collection code Home library Current library Date acquired Source of acquisition Cost, normal purchase price Full call number Barcode Copy number Cost, replacement price Koha item type
      Non-fiction Central Library Central Library 30/01/2020 BPPD/Ven. 15.00 847 م ج ت A-333739 1 15.00 Urdu Bks

© Delhi Public Library
Hit Counter
free hit counter